000 01337cam a2200301 a 4500
001 3111
005 20240207095212.0
020 _a9780545480888
040 _aDLC
_cDLC
_dIG#
_dBDX
_dIK2
_dYDXCP
_dBTCTA
_dPCX
_dFT6
_dXYZ
_dVP@
_dDLC
_beng
050 0 0 _aQC90.A35
_b 2012
082 0 0 _a516.15
100 1 _aAdler, David A
245 1 0 _aPerimeter, area, and volume :
_ba monster book of dimensions /
_cby Adler, David A ; illustrated by Miller, Edward
250 _aFirst Scholastic printing , October 2012
260 _aNew York :
_bScholastic ,
_c2012
300 _a30 unnumbered pages :
_bcolor illustrations ;
_c26 cm.
505 _aN
520 _a"Grab your jumbo popcorn and 3-D glasses, because you're invited to the premiere of a 3-D movie! The star-studded cast of monsters will help you calculate the perimeter of the set, the area of the movie screen, and the volume of your popcorn box. Learning about dimensions has never been so entertaining."--Amazon.com.
521 _a590
_bLexile
521 _aN
_bRaz-Plus
650 0 _aWeights and measures
_vJuvenile literature.
650 0 _aDimensions
_vJuvenile literature.
650 1 _aWeights and measures.
650 1 _aDimensions.
700 1 _aMiller, Edward
_d1964-
_eillustrator
906 _a7
_bcbc
_corignew
_d1
_eecip
_f20
_gy-gencatlg
942 _2ddc
_cBK
_n0
999 _c3111
_d3111